Normal view
MARC view
- القرآن-سورة القرآن-الايات القرآنية
Entry Topical Term
001 - CONTROL NUMBER
- control field: 19177
003 - CONTROL NUMBER IDENTIFIER
- control field: JO-AjAnu
005 - DATE AND TIME OF LATEST TRANSACTION
- control field: 20230606073344.0
008 - FIXED-LENGTH DATA ELEMENTS
- fixed length control field: 230606|| aca||aabn | a|a d
040 ## - CATALOGING SOURCE
- Original cataloging agency: JO-AjAnu
- Transcribing agency: JO-AjAnu
150 ## - HEADING--TOPICAL TERM
- Topical term or geographic name entry element: القرآن-سورة القرآن-الايات القرآنية
670 ## - SOURCE DATA FOUND
- Source citation: Work cat.: (JO-AjAnu)9841: تاليف آل ناصر،محمدبن موسى, author 19176, الأخطاء الواقعة في قراءة سورة الفاتحة من المصلين والأئمة والقارئين فيه تنبية على نحو من مائتي خطأ يقع فيها